| 000 | 00770cam a22002292 4500 | ||
|---|---|---|---|
| 001 | 0000024612 | ||
| 005 | 20151217152305.0 | ||
| 008 | 140114s xx 000 0 eng d | ||
| 020 | _a0199601189 : | ||
| 040 |
_aKABU _cKABU |
||
| 100 | 1 |
_aSabahi, Borzu. _@0000184991 |
|
| 245 | 1 | 0 |
_aCompensation and restitution in investor-state arbitration : _bprinciples and practice / _cBorzu Sabahi. |
| 250 | _a1st ed. | ||
| 260 |
_aOxford : _bO. U. P., _c2011. |
||
| 300 | _axxiii, 256 p. | ||
| 650 | 0 |
_aInvestments, foreign (International law) _@0000184992 |
|
| 650 | 0 |
_aCompensation (law) _@0000184993 |
|
| 650 | 0 |
_aArbitration and award, International. _@0000158689 |
|
| 852 | 1 | _9p9990 KES | |
| 908 | _a140114 | ||
| 950 | _@1 | ||
| 999 |
_c10372 _d10372 |
||